|
|
|
|
| LEADER |
00000nab a2200000 a 4500 |
| 001 |
vtls009006014 |
| 003 |
SK-MaSNL |
| 005 |
20260303065722.0 |
| 008 |
070710c20070609xo drz 0 0slo |
| 038 |
|
|
|a KEVKJB
|
| 040 |
|
|
|a KEVKJB
|b slo
|c KEVKJB
|e AACR2
|
| 041 |
0 |
|
|a slo
|
| 044 |
|
|
|a xo
|c SK
|
| 080 |
|
|
|a 332.2
|2 2001
|
| 080 |
|
|
|a 625.711.3
|2 2001
|
| 100 |
1 |
|
|a Podhorská, Kveta
|4 aut
|9 872973
|
| 245 |
1 |
0 |
|a Chcú autám zablokovať cestu cez Košickú Belú
|b po dvanástich rokoch čakania na peniaze pretiekol pohár trpezlivosti
|c Kveta Podhorská
|
| 300 |
|
|
|b Fotogr.
|
| 650 |
0 |
7 |
|a pozemky
|x nevysporiadanie
|z Košická Belá (Slovensko)
|2 kevkjb
|9 1066158
|
| 650 |
0 |
7 |
|a cestný obchvat
|2 kevkjb
|9 1066159
|
| 650 |
0 |
7 |
|a majetkoprávne záležitosti
|2 kevkjb
|9 1066160
|
| 651 |
|
7 |
|a Košická Belá (Slovensko)
|2 kevkjb
|9 29717
|
| 651 |
|
7 |
|a Košice-okolie (Slovensko : okres)
|2 kevkjb
|9 146743
|
| 773 |
0 |
|
|t Košický denník Korzár
|g Roč. X, č. 132 (9.6.2007), s. 3
|x 1335-4566
|
| 852 |
|
|
|a KEVKJB
|b KIS3GCP
|
| 856 |
4 |
1 |
|u www.korzar.sk
|
| 999 |
|
|
|c 1752343
|d 1754273
|